L'inventaire des différences (Record no. 145577)

MARC details
000 -LEADER
campo de control de longitud fija 00499nam a2200169 i 4500
001 - NÚMERO DE CONTROL
campo de control 145577
003 - IDENTIFICADOR DE NÚMERO DE CONTROL
campo de control ES-MaACL
005 - FECHA Y HORA DE LA ÚLTIMA TRANSACCIÓN
campo de control 20230906201248.0
007 - CAMPO FIJO DE DESCRIPCIÓN FÍSICA--INFORMACIÓN GENERAL
campo de control de longitud fija t|
008 - DATOS DE LONGITUD FIJA--INFORMACIÓN GENERAL
campo de control de longitud fija 071015s1976 fr ||||1| fre d
020 ## - NÚMERO INTERNACIONAL ESTÁNDAR DEL LIBRO
Número Internacional Estándar del Libro 2-02-004508-7
100 1# - ENTRADA PRINCIPAL--NOMBRE DE PERSONA
Nombre de persona Veyne, Paul.
9 (RLIN) 114238
245 12 - MENCIÓN DEL TÍTULO
Título L'inventaire des différences
Resto del título : leçon inaugurale au Collège de France /
Mención de responsabilidad, etc. Paul Veyne.
260 ## - PUBLICACIÓN, DISTRIBUCIÓN, ETC.
Lugar de publicación, distribución, etc. Paris :
Nombre del editor, distribuidor, etc. Editions du Seuil,
Fecha de publicación, distribución, etc. [1976]
300 ## - DESCRIPCIÓN FÍSICA
Extensión 61 p. ;
Dimensiones 21 cm.
852 ## - LOCALIZACIÓN
Ubicación ES-MaACL
Número de control de estantería L-11136
Sublocalización o colección R.112781
Holdings
Estatus retirado Estado de pérdida Estado de daño No para préstamo Biblioteca de origen Biblioteca actual Ubicación en estantería Fecha de adquisición Fuente de adquisición Total de préstamos Signatura topográfica completa Código de barras Visto por última vez Precio de reemplazo Tipo de ítem Koha
        Biblioteca del Ateneo de Madrid Biblioteca del Ateneo de Madrid Depósito 2 17/01/2008     L-11136 1151959 23/02/2023 23/02/2023 Libro impreso